[Event "Mittelfrankenliga-B2a 0607"]
[Site "Mittelfranken"]
[Date "2007.03.25"]
[Round "8.5"]
[White "Churt, Kerstin"]
[Black "Triphan, Michael"]
[Result "0-1"]
[WhiteElo "1741"]
[BlackElo "1845"]
[PlyCount "70"]
[EventDate "2006.10.22"]
[EventType "team-tourn"]
[EventRounds "9"]
[EventCountry "GER"]
[SourceTitle "EXT 2011"]
[Source "ChessBase"]
[SourceDate "2010.11.26"]
[SourceVersion "1"]
[SourceVersionDate "2010.11.26"]
[SourceQuality "1"]
[WhiteTeam "Altensittenbach II"]
[BlackTeam "Erlangen BSGW"]
[WhiteTeamCountry "GER"]
[BlackTeamCountry "GER"]

1. e4 d5 2. e5 Bf5 3. d4 e6 4. c3 c5 5. Bb5+ Nc6 6. Qa4 Qb6 7. Nf3 Rc8 8. 0-0 a6 9. Be2 Be7 10. Nbd2 Nh6 11. h3 Bg6 12. Nb3 cxd4 13. Nbxd4 Nf5 14. Nxc6 Rxc6 15. g4 Ng3 16. Nd4 Nxe2+ 17. Nxe2 0-0 18. Qf4 f6 19. Nd4 fxe5 20. Qxe5 Bf6 21. Nxc6 Bxe5 22. Nxe5 Be8 23. b3 Qd6 24. Re1 Qc5 25. Re3 d4 26. b4 Qd5 27. Re1 dxc3 28. Ba3 Qd4 29. Re2 Bb5 30. Re3 Qf4 31. Nd3 Bxd3 32. Rxd3 Qxf2+ 33. Kh1 Qe2 34. Rxc3 Rf2 35. b5 Rh2+ 0-1

[Event "Mittelfrankenliga-B2a 0607"]
[Site "Mittelfranken"]
[Date "2007.01.28"]
[Round "5.5"]
[White "Krausser, Hans"]
[Black "Triphan, Michael"]
[Result "1/2-1/2"]
[WhiteElo "1847"]
[BlackElo "1845"]
[PlyCount "76"]
[EventDate "2006.10.22"]
[EventType "team-tourn"]
[EventRounds "9"]
[EventCountry "GER"]
[SourceTitle "EXT 2011"]
[Source "ChessBase"]
[SourceDate "2010.11.26"]
[SourceVersion "1"]
[SourceVersionDate "2010.11.26"]
[SourceQuality "1"]
[WhiteTeam "Lauf"]
[BlackTeam "Erlangen BSGW"]
[WhiteTeamCountry "GER"]
[BlackTeamCountry "GER"]

1. e4 d5 2. exd5 Nf6 3. Nc3 Nxd5 4. Nxd5 Qxd5 5. d4 Nc6 6. c3 e5 7. dxe5 Qxd1+ 8. Kxd1 Nxe5 9. Bf4 Bd6 10. Bxe5 Bxe5 11. Nf3 Bg4 12. Be2 0-0-0+ 13. Ke1 Rhe8 14. Kf1 Bxf3 15. Bxf3 Rd2 16. Rb1 Bd6 17. h4 Bc5 18. Kg1 Bxf2+ 19. Kh2 Bxh4 20. Rhf1 f5 21. Rfd1 Red8 22. b3 Bf6 23. c4 Be5+ 24. Kg1 c6 25. a4 g5 26. Rxd2 Rxd2 27. Rd1 Rxd1+ 28. Bxd1 Kd7 29. Bc2 Ke6 30. g4 fxg4 31. Bxh7 Kd6 32. b4 Bc3 33. b5 cxb5 34. cxb5 Ke5 35. Kf2 Kf4 36. Bg8 g3+ 37. Kg2 g4 38. b6 axb6 1/2-1/2

[Event "Mittelfrankenliga-B2a 0607"]
[Site "Mittelfranken"]
[Date "2007.01.14"]
[Round "4.4"]
[White "Schloetterer, Hermann"]
[Black "Triphan, Michael"]
[Result "1-0"]
[WhiteElo "1847"]
[BlackElo "1845"]
[PlyCount "76"]
[EventDate "2006.10.22"]
[EventType "team-tourn"]
[EventRounds "9"]
[EventCountry "GER"]
[SourceTitle "EXT 2011"]
[Source "ChessBase"]
[SourceDate "2010.11.26"]
[SourceVersion "1"]
[SourceVersionDate "2010.11.26"]
[SourceQuality "1"]
[WhiteTeam "Nuernberg NT IV"]
[BlackTeam "Erlangen BSGW"]
[WhiteTeamCountry "GER"]
[BlackTeamCountry "GER"]

1. d4 d5 2. g3 Nf6 3. Bg2 c5 4. Nf3 Nc6 5. 0-0 Bf5 6. c4 e6 7. Qa4 Bxb1 8. Rxb1 Bd6 9. cxd5 Nxd5 10. e4 Nb6 11. Qd1 cxd4 12. Nxd4 0-0 13. Nxc6 bxc6 14. b3 Be5 15. Qc2 Bd4 16. Ba3 c5 17. Rfd1 Rc8 18. Rbc1 Qf6 19. Qe2 e5 20. Rc2 a5 21. Rdc1 Qe7 22. Kh1 a4 23. Qb5 axb3 24. axb3 Nd7 25. Bh3 Ra8 26. Bb2 Nf6 27. Bxd4 cxd4 28. Rc7 Qd6 29. b4 Ra1 30. Rxa1 Qxc7 31. Qd3 Qb7 32. b5 Qxe4+ 33. Qxe4 Nxe4 34. b6 Rb8 35. b7 Nxf2+ 36. Kg2 f6 37. Ra8 Kf7 38. Rxb8 Nd3 1-0